000 00512nam a2200181Ia 4500
005 20250326123633.0
008 250326s9999 xx 000 0 und d
037 _aTextbook
040 _aFMSL
_beng
_cFMSL
041 _aeng
_2eng
084 _aD658(B) K5
_qFMSL
100 _aMartin J
_9288199
245 0 _aProgramming real-time computer systems
_cMartin J
260 _aNew Jersey
_bNew Jersey, Prentice-Hall
_c1965
300 _a386p
942 _cTB
_hD658(B) K5
999 _c1270264
_d1270264